[Event "XV South American-ch Open U20 2019"]
[Site "Asuncion"]
[Date "2019.05.14"]
[Round "6.6"]
[White "Gimenez Aguirre, Alejo Ismael"]
[Black "Cadilhac, Igor Tokuichi Kikuc"]
[Result "0-1"]
[WhiteElo "2247"]
[BlackElo "2288"]
[Annotator "TA"]
[PlyCount "118"]
[EventDate "2019.05.11"]
[EventType "swiss"]
[EventCountry "PAR"]
[SourceTitle "playchess.com"]
[Source "ChessBase"]
[SourceQuality "1"]

{[%evp 13,118,2,37,14,8,8,6,12,0,-29,-20,-21,-25,-36,-41,-37,-29,-29,-26,-67,-70,-70,-70,-67,-62,-58,-52,-45,-44,-44,-40,-31,-34,-49,-45,-33,-31,-45,-34,-50,-33,-43,-48,-150,-149,-143,-141,-150,-153,-143,-143,-152,-89,-94,-83,-188,-193,-196,-189,-274,-269,-352,-344,-385,-385,-450,-389,-540,-536,-536,-573,-810,-813,-791,-781,-945,-921,-865,-536,-495,-472,-822,-812,-936,-476,-1258,-772,-914,-906,-1321,-1298,-1318,-1310,-2360,-2360,-1754,-1752,-7728,-7585,-29972,-29962,-29988,-29989,-29989,-29990,-29990,-29991]} 1. e4 e5 2. Nf3 Nf6 3. Nxe5 d6 4. Nf3 Nxe4 5. d3 Nf6 6. d4 d5 7. Bd3 Nc6 {[%cal Bb8c6,Bc6b4,Bb4d3][%mdl 32]} 8. h3 {C01: French: Exchange Variation} (8. O-O Be7 9. c3 Bg4 10. Re1 O-O 11. Bg5 h6 12. Bh4 Ne8 13. Bg3 Bd6 14. Nbd2 Bxg3 15. hxg3 Nf6 {1-0 (56) Arizmendi Martinez,J (2507)-Perez Tores,J (2218) Linares 2018}) 8... Nb4 9. O-O Nxd3 10. Qxd3 {The position is equal.} Be7 11. c4 $146 ({Predecessor:} 11. Re1 O-O 12. Bg5 Re8 13. Nc3 c6 14. Nd2 Bd7 15. a3 Qc8 {1-0 (21) Cometa,L (1889)-Celis Vargas,W (1726) Bogota 2017}) 11... dxc4 12. Qxc4 Be6 $36 {[%mdl 2048] Black fights for an advantage.} 13. Qb5+ Qd7 14. Qxd7+ Nxd7 (14... Kxd7 {is more complex.} 15. Ne5+ Kc8 16. Nc3 Nd5 17. Re1 Re8) 15. Nc3 Nb6 16. Bg5 f6 $1 {[%cal Rf6g5]} 17. Bf4 c6 18. Rfe1 Kf7 19. Ne4 Nd5 20. Bd6 {Hoping for Bxe7.} Bf5 {aiming for ...Bxe4.} 21. Bxe7 Bxe4 $1 22. Rxe4 {Black must now prevent Bc5.} Nxe7 23. Nd2 Rad8 24. Rae1 Rd7 25. Nb3 {With the idea Nc5.} b6 26. g4 Nd5 27. f3 h5 28. Kg2 (28. Nc1 $15) 28... g5 $17 29. Kg3 Nf4 {And now ...hxg4 would win.} 30. h4 hxg4 31. fxg4 Nd3 {[%mdl 64] Double Attack} 32. Rh1 Nxb2 (32... gxh4+ $142 33. Rxh4 Rxh4 34. Kxh4 Nxb2) 33. h5 Nd3 34. Nd2 (34. Re3 $17 Nb4 35. a4) 34... c5 $19 35. Nf3 c4 36. Rf1 {[#]} (36. Ne1 {was called for.}) 36... Nf4 $1 37. a4 Rc8 38. Kf2 c3 39. Ke3 Rc4 40. Rc1 Rxa4 41. h6 Kg6 42. Re8 Ra2 {[%csl Gf4][%cal Ra2e2]} 43. Ng1 Kxh6 44. Kf3 Rxd4 45. Rxc3 Ng6 46. Ne2 Rd1 47. Rc7 (47. Rc6 $142) 47... Ne5+ 48. Kf2 Rd7 49. Rc3 (49. Rxd7 $142 Nxd7 50. Re4) 49... Nxg4+ 50. Kg3 Ne5 51. Re3 Rdd2 52. Rh8+ Kg7 53. Rh2 Rd3 54. Rxd3 Nxd3 {KRN-KRN} 55. Kf3 {[#]} Nf4 $1 56. Rh1 (56. Nxf4 Rxh2) 56... Nxe2 {Black mates.} 57. Kg4 Ra3 58. Rd1 Kg6 {[%csl Ge2][%cal Ra3g3]} 59. Rd3 f5+ {Accuracy: White = 30%, Black = 84%.} 0-1

[Event "XV South American-ch Open U20 2019"]
[Site "Asuncion"]
[Date "2019.05.14"]
[Round "6.7"]
[White "Vazquez, Facundo"]
[Black "Mayeregger, Arnold"]
[Result "1/2-1/2"]
[WhiteElo "2086"]
[BlackElo "1913"]
[Annotator "NA RC"]
[PlyCount "49"]
[EventDate "2019.05.11"]
[EventType "swiss"]
[EventCountry "PAR"]
[SourceTitle "playchess.com"]
[Source "ChessBase"]
[SourceQuality "1"]
[TimeControl "5400+30"]

1. d4 Nf6 2. c4 g6 3. Nc3 Bg7 4. g3 O-O 5. Nf3 d5 6. Bg2 dxc4 7. Ne5 c5 8. dxc5 {D74: Fianchetto Grünfeld: Main Line (5 Nf3 0-0 6 cxd5 Nxd5 7 0-0)} Qa5 (8... Qc7 9. Nxc4 Qxc5 10. Qb3 (10. Nd2 Rd8 11. Qa4 Bd7 12. Qc4 Qxc4 13. Nxc4 Bc6 14. e4 b6 15. O-O Na6 {½-½ (41) Zuluaga Mancilla,C (2386)-Pinero,C (2168) Barquisimeto 2013}) 10... Nc6 11. Be3 Nd4 12. Bxd4 Qxd4 13. Na5 Qe5 14. Qb4 Qh5 15. h4 Be6 {½-½ (31) Erdos,V (2613)-Nezad,H (2422) Caleta 2016}) 9. Be3 $146 ({Predecessor:} 9. Nxc4) 9... Qa6 10. Qa4 Qe6 11. Nxc4 Bd7 12. Qb3 Bc6 13. O-O Bxg2 14. Kxg2 Qc6+ 15. Kg1 Nbd7 16. Na5 Qc7 17. Qa3 ({But not} 17. Nxb7 Rfb8 $11) 17... b6 18. Nb3 bxc5 19. Nxc5 Nb6 20. N5a4 Nc8 ({Better is} 20... Qe5) 21. Rac1 Qd7 22. Rfd1 ({White should try} 22. Bc5 $16) 22... Qh3 $1 23. f3 Nd6 24. b3 Nf5 25. Bd2 $19 (25. Rd3 $11 {and White is okay.}) 1/2-1/2

[Event "XV South American-ch Open U20 2019"]
[Site "Asuncion"]
[Date "2019.05.14"]
[Round "6.8"]
[White "Araoz Andrade, Ivan Alexander"]
[Black "Suarez, Pedro"]
[Result "0-1"]
[WhiteElo "1843"]
[BlackElo "2077"]
[Annotator "NA RC"]
[PlyCount "54"]
[EventDate "2019.05.11"]
[EventType "swiss"]
[EventCountry "PAR"]
[SourceTitle "playchess.com"]
[Source "ChessBase"]
[SourceQuality "1"]
[TimeControl "5400+30"]

1. e4 e6 2. d4 d5 3. Nd2 Nf6 4. e5 Nfd7 5. Bd3 c5 6. c3 Nc6 7. Ne2 cxd4 8. cxd4 f6 9. exf6 Qxf6 10. Nf3 h6 11. O-O Bd6 $1 12. Bd2 {C06: French Tarrasch: 3...Nf6 4 e5 Nfd7 5 Bd3 main lines} (12. Ng3 O-O 13. Bc2 Rf7 14. Re1 Nf8 15. Nh5 Qd8 16. Ne5 Bxe5 17. dxe5 Qb6 18. Nf4 Bd7 19. Nd3 Rc8 20. Be3 Qd8 {½-½ (72) Svane,R (2570)-Sethuraman,S (2623) Moscow 2017}) 12... O-O 13. Bc3 Rf7 14. Ng3 Nf8 15. Rc1 $146 ({Predecessor:} 15. Qe2 Bd7 16. Rae1 Be8 17. Ne5 Rc7 18. Qg4 a6 19. f4 b5 20. Nxc6 Rxc6 {0-1 (57) Urhegyi,M (2249)-Stockova,Z (2293) Slovakia 2018}) 15... a6 16. a3 Bd7 17. Qe2 Be8 18. b4 Rc7 19. Ne5 Rac8 20. Bb2 {[#]} Nxd4 $1 21. Bxd4 Rxc1 22. Nc6 Rxf1+ $19 23. Nxf1 Qh4 24. g3 Qh5 25. g4 Qh3 26. Na5 Rc1 27. f3 Rxf1+ 0-1

[Event "XV South American-ch Open U20 2019"]
[Site "Asuncion"]
[Date "2019.05.14"]
[Round "6.9"]
[White "Melian, Juan Sebastian"]
[Black "Gomez Barrera, Gonzalo Andres"]
[Result "0-1"]
[WhiteElo "1786"]
[BlackElo "2058"]
[Annotator "NA RC"]
[PlyCount "74"]
[EventDate "2019.05.11"]
[EventType "swiss"]
[EventCountry "PAR"]
[SourceTitle "playchess.com"]
[Source "ChessBase"]
[SourceQuality "1"]
[TimeControl "5400+30"]

1. d4 Nf6 2. Nf3 d5 3. Bg5 c5 4. c3 cxd4 5. cxd4 Ne4 6. Bf4 {D13: Slav Defence: Exchange variation without ...Bf5} Nc6 7. Nbd2 $146 ({Predecessor:} 7. Nc3 e6 8. Rc1 Qa5 9. Bd2 Nxd2 10. Qxd2 Bd6 11. e3 Bd7 12. Bd3 O-O 13. O-O Rfc8 14. e4 dxe4 15. Bxe4 Qh5 {1-0 (35) Matuszewski,M (2485)-Vovk,Y (2600) Poland 2017}) 7... Bf5 8. e3 e6 9. Be2 g5 10. Nxe4 $1 gxf4 11. Nc3 fxe3 12. fxe3 Bh6 13. Qd2 Rg8 14. Rg1 Be4 15. Rc1 Bxf3 16. Bxf3 Qh4+ 17. g3 Qg5 18. Ke2 (18. Kf2 $15) 18... O-O-O 19. b4 Kb8 20. Na4 e5 21. dxe5 Nxe5 22. Qd4 Rge8 23. Rc3 Nxf3 24. Kxf3 Bg7 25. Qf4+ Qxf4+ 26. gxf4 Bxc3 27. Nxc3 d4 28. Ne2 Rxe3+ 29. Kf2 Ra3 30. Nc1 d3 31. Rd1 d2 32. Nb3 Rxa2 33. Ke2 Ra3 34. Nxd2 $19 Rad3 35. h4 a6 36. h5 Rh3 37. Rg1 Rh2+ 0-1

[Event "XV South American-ch Open U20 2019"]
[Site "Asuncion"]
[Date "2019.05.14"]
[Round "6.10"]
[White "Orrego Palermo, Marcelo"]
[Black "Cosme Contreras, Trilce"]
[Result "1/2-1/2"]
[WhiteElo "1632"]
[BlackElo "2051"]
[Annotator "NA RC"]
[PlyCount "110"]
[EventDate "2019.05.11"]
[EventType "swiss"]
[EventCountry "PAR"]
[SourceTitle "playchess.com"]
[Source "ChessBase"]
[SourceQuality "1"]
[TimeControl "5400+30"]

1. d4 Nf6 2. Bg5 g6 3. Bxf6 exf6 4. e3 Bg7 5. g3 O-O 6. Bg2 f5 {A45: Trompowsky Attack} 7. Ne2 c5 (7... d6 8. c4 c6 9. Nbc3 Nd7 10. O-O Nf6 11. b4 Re8 12. Qd3 Qe7 13. b5 Ne4 14. a4 a6 15. bxc6 bxc6 16. Rab1 a5 17. Rb6 Ra6 18. Rb8 Qc7 19. Rfb1 Nf6 {1-0 (83) Kryakvin,D (2567)-Ponkratov,P (2605) Serpukhov 2018}) 8. O-O cxd4 $146 ({Predecessor:} 8... d6 9. Nbc3 Nc6 10. Nd5 cxd4 11. exd4 Be6 12. Re1 Bxd5 13. Bxd5 {0-1 (48) Morant Amezaga,C-Frances Saez,J (2081) Alzira 2003}) 9. Nxd4 Nc6 10. c3 d5 11. Ne2 Be6 12. Nd2 Qc7 13. Nb3 Rfd8 14. Qc2 Rac8 15. Rfd1 b5 16. Nf4 Ne7 17. Nd4 Qb6 18. Qb3 a6 19. Nc2 Qc5 20. a4 g5 21. Nxe6 fxe6 22. axb5 axb5 23. Ra5 Rb8 24. Na3 Nc6 25. Rxb5 Rxb5 26. Qxb5 Qxb5 27. Nxb5 Rb8 28. Nc7 Nd8 29. Rb1 Bxc3 30. b3 Kf7 31. Bf1 Ke7 $11 32. Na6 Rb6 33. b4 Nb7 34. Rc1 Bxb4 35. Nxb4 Rxb4 36. Rc7+ Kd6 37. Rxh7 Nc5 38. h4 gxh4 39. gxh4 Rb7 40. Rxb7 Nxb7 41. h5 Ke5 42. f4+ Kf6 43. Bb5 Nd6 44. Bd7 Ke7 45. Ba4 Ne4 46. Kg2 Nf6 47. Bd1 Kf7 48. Kg3 Ne4+ 49. Kg2 Kg7 50. Be2 Kh6 51. Kh3 Nd6 52. Kg3 Nc4 53. Kf2 Nd2 54. Kg3 Nc4 55. Kf2 Nd2 1/2-1/2

[Event "XV South American-ch Open U20 2019"]
[Site "Asuncion"]
[Date "2019.05.14"]
[Round "6.10"]
[White "Orrego Palermo, Marcelo"]
[Black "Cosme Contreras, Trilce"]
[Result "*"]
[WhiteElo "1632"]
[BlackElo "2051"]
[Annotator "NA RC"]
[PlyCount "31"]
[EventDate "2019.05.11"]
[EventType "swiss"]
[EventCountry "PAR"]
[SourceTitle "playchess.com"]
[Source "ChessBase"]
[SourceQuality "1"]
[TimeControl "5400+30"]

1. d4 Nf6 2. Bg5 g6 3. Bxf6 exf6 4. e3 Bg7 5. g3 O-O 6. Bg2 f5 7. Ne2 c5 8. O-O cxd4 9. Nxd4 Nc6 10. c3 d5 11. Ne2 Be6 12. Nd2 Qe7 13. Nb3 Rfe8 14. Qc2 Rac8 15. Rfd1 b5 16. Nf4 ({Don't blunder} 16. Bxd5 $2 {[#]} Nb4 $1 $19 {[%mdl 576] Double Attack, Pin}) *

[Event "XV South American-ch Open U20 2019"]
[Site "Asuncion"]
[Date "2019.05.14"]
[Round "6.11"]
[White "Ayala Ruiz, Miguel Angel"]
[Black "Menacho Admen, Victor Gabriel"]
[Result "1-0"]
[WhiteElo "1444"]
[BlackElo "1103"]
[Annotator "NA RC"]
[PlyCount "47"]
[EventDate "2019.05.11"]
[EventType "swiss"]
[EventCountry "PAR"]
[SourceTitle "playchess.com"]
[Source "ChessBase"]
[SourceQuality "1"]
[TimeControl "5400+30"]

1. e4 e5 2. Nf3 Nf6 3. Nxe5 d6 4. Nf3 Nxe4 5. Nc3 Nf6 6. d4 d5 7. Bd3 Nc6 8. Be3 g6 9. Qd2 Bg4 10. Be2 Ne4 11. Nxe4 dxe4 12. Ng5 Bxe2 13. Qxe2 f5 14. Qc4 Qd7 15. O-O-O O-O-O 16. d5 Ne7 17. Nf7 Bg7 18. d6 Rhf8 19. dxe7 Qxe7 20. Rxd8+ Rxd8 21. Nxd8 Qxd8 22. Rd1 Qh4 23. Qg8+ Qd8 24. Qxd8# 1-0

[Event "XV South American-ch Open U20 2019"]
[Site "Asuncion"]
[Date "2019.05.14"]
[Round "6.12"]
[White "Avalos Sanabria, Augusto Alfredo"]
[Black "Allo Collante, Enrique"]
[Result "0-1"]
[WhiteElo "1474"]
[BlackElo "1595"]
[Annotator "NA RC"]
[PlyCount "86"]
[EventDate "2019.05.11"]
[EventType "swiss"]
[EventCountry "PAR"]
[SourceTitle "playchess.com"]
[Source "ChessBase"]
[SourceQuality "1"]
[TimeControl "5400+30"]

1. e4 c6 2. d4 d5 3. e5 Bf5 4. Nf3 e6 5. Bd3 Bxd3 6. Qxd3 c5 7. c3 Nc6 8. O-O Nge7 9. Be3 Ng6 10. Nbd2 Be7 11. b3 O-O 12. h3 Rc8 13. Rfe1 Qd7 14. Nf1 cxd4 15. cxd4 Nb4 16. Qd2 Nc2 17. Ng3 Bb4 18. Qe2 Bxe1 19. Rxe1 Nxe1 20. Nxe1 Qc6 21. Bd2 Qb6 22. Qe3 f5 23. exf6 Rxf6 24. Nf3 Nf4 25. Ne5 Qd6 26. Ng4 Rff8 27. Qe1 Qb6 28. Bc3 Qa6 29. a4 h5 30. Ne5 h4 31. Nf1 Ne2+ 32. Kh2 Rxc3 33. b4 Rc2 34. Ne3 Ra2 35. Nd7 Qd6+ 36. Ne5 Nxd4 37. N3g4 Re2 38. Qd1 Rxe5 39. Nxe5 Qxe5+ 40. Kh1 Rxf2 41. Kg1 Qg3 42. Qg4 Ne2+ 43. Qxe2 Qxg2# 0-1

[Event "XV South American-ch Open U20 2019"]
[Site "Asuncion"]
[Date "2019.05.15"]
[Round "7.1"]
[White "Zapata Charles, Santiago"]
[Black "Zambrano Acebo, Jean Junior"]
[Result "0-1"]
[WhiteElo "2322"]
[BlackElo "2174"]
[Annotator "TA"]
[PlyCount "78"]
[EventDate "2019.05.11"]
[EventType "swiss"]
[EventCountry "PAR"]
[SourceTitle "playchess.com"]
[Source "ChessBase"]
[SourceQuality "1"]

{[%evp 9,78,42,54,0,0,0,0,-14,15,23,40,46,40,38,37,35,47,43,46,46,41,33,37,10,20,12,18,13,45,-19,-22,-5,37,36,60,62,62,26,33,31,52,39,35,30,24,21,29,0,52,-22,-22,-27,-25,-28,5,0,0,0,0,0,0,0,3,-20,0,-8,-12,-7,0,-876,-871]} 1. e4 c5 2. Nf3 g6 3. c3 d5 4. exd5 Qxd5 5. d4 Bg7 6. h3 {B06: Modern Defence} (6. Nbd2 $14) (6. Na3 cxd4 7. Bc4 Qe4+ 8. Be3 Nh6 9. Bd3 Qd5 10. Bc4 Qe4 11. Bd3 Qd5 12. Bc4 Qa5 13. Bb5+ Nc6 14. Nxd4 O-O 15. Nxc6 bxc6 {0-1 (38) Papp,G (2603)-Matlakov,M (2700) Caleta 2019}) 6... Nf6 $11 7. c4 $146 ({Predecessor:} 7. Qb3 Qxb3 8. axb3 cxd4 9. Nxd4 O-O 10. Na3 Bd7 11. Be2 Nc6 12. Nxc6 Bxc6 13. O-O {½-½ (13) Finegold,B (2489)-Perelshteyn,E (2534) Lubbock 2011}) 7... Qd8 8. d5 {The position is equal.} Ne4 9. Bd3 Qa5+ 10. Nbd2 Nd6 11. O-O O-O 12. Re1 Re8 13. Ne4 Nxe4 14. Bxe4 Nd7 15. Bd3 b5 16. cxb5 Bb7 17. Bd2 Qc7 18. Bc3 Bxd5 19. Be4 ({White should play} 19. Bxg6 $14 Bxf3 20. Bxf7+ Kxf7 21. Qxf3+ Nf6 22. Re5) 19... Bxe4 20. Rxe4 Nf6 21. Rc4 Rad8 22. Qc2 Rd5 23. Re1 Qb7 24. a4 e6 25. b4 cxb4 26. Bxb4 a6 27. bxa6 Qxa6 28. Rc7 Nd7 (28... Bf8 $11 29. Bc3 Rf5) 29. Rd1 (29. a5 $1 $14) 29... Nb6 {[#] And now ...Rxd1+ would win.} 30. Rxd5 Nxd5 31. Rc4 Rb8 32. Bd2 h6 33. a5 Rb2 34. Qa4 $36 {[%mdl 2048] White has good play.} Kh7 35. Qc6 Qa7 36. Qc5 Qb8 37. g3 Qb3 38. Kg2 Qa2 39. Be1 $2 {[%mdl 8192] [#]} (39. Bxh6 $11 Bxh6 40. Rh4) 39... Qxc4 $1 {[%mdl 512] Accuracy: White = 38%, Black = 63%.} 0-1

[Event "XV South American-ch Open U20 2019"]
[Site "Asuncion"]
[Date "2019.05.15"]
[Round "7.2"]
[White "Cantero, Rodolfo"]
[Black "Benitez Galeano, Alejandro"]
[Result "1-0"]
[WhiteElo "2059"]
[BlackElo "2052"]
[Annotator "NA RC"]
[PlyCount "99"]
[EventDate "2019.05.11"]
[EventType "swiss"]
[EventCountry "PAR"]
[SourceTitle "playchess.com"]
[Source "ChessBase"]
[SourceQuality "1"]
[TimeControl "5400+30"]

{[%evp 21,99,0,2,-10,24,-36,5,0,4,-2,12,20,32767,-33,-3,-38,32767,-27,10,-3,0,32767,-4,-22,0,-90,-30,-83,-50,-56,32767,32767,32767,32767,32767,32767,32767,32767,0,32767,32767,-73,-117,32767,-91,32767,72,32767,70,32767,32767,32767,32767,32767,32767,32767,32767,32767,32767,32767,32767,32767,32767,25,29,30,16,32767,-22,-20,-17,-90,-29,-168,-179,-195,-233,-300,32767,504]} 1. e4 {[%emt 0:00:30]} c5 {[%emt 0:00:30]} 2. Nf3 {[%emt 0:00:00]} e6 {[%emt 0:00:00]} 3. d3 {[%emt 0:00:00]} Nc6 {[%emt 0:01:00]} 4. g3 {[%emt 0:00:00]} Nge7 {[%emt 0:04:30]} 5. Bg2 {[%emt 0:00:00]} g6 {[%emt 0:00:30]} 6. O-O {[%emt 0:00:30]} Bg7 {[%emt 0:00:00]} 7. Re1 {[%emt 0:00:30]} d6 {[%emt 0:01:00]} 8. c3 {[%emt 0:04:30]} O-O {[%emt 0:01:30]} 9. Be3 {[%emt 0:02:30]} Rb8 {[%emt 0:05:30]} 10. d4 {[%emt 0:02:30] A04: Unusual lines after 1 Nf3 and King's Indian Attack} (10. a4 b6 11. Nbd2 d5 12. Bg5 f6 13. exd5 Nxd5 14. Be3 Nxe3 15. Rxe3 Ne7 16. Qc2 Nf5 17. Re2 e5 {½-½ (44) Sundell,B (2171)-Andersson,S (1956) Ostersund 2018}) 10... cxd4 {[%emt 0:02:30]} 11. Nxd4 {[%emt 0:00:30]} a6 {[%emt 0:03:30]} 12. f4 {[%emt 0:07:30]} Qc7 $146 {[%emt 0:06:30]} ({Predecessor:} 12... Nxd4 13. Bxd4 Bxd4+ 14. Qxd4 Nc6 15. Qe3 b5 16. Rd1 Qc7 17. Kh1 Bb7 18. Nd2 Rfd8 19. Nf3 Na5 20. f5 Nc4 21. Qh6 Bxe4 22. f6 {1-0 (22) Cherry,A (1949)-San Diego,M Manila 2011}) 13. Re2 {[%emt 0:12:30]} (13. Nd2 $11) 13... b5 {[%emt 0:03:30]} 14. Nxc6 {[%emt 0:00:30]} Nxc6 {[%emt 0:01:30]} 15. Rd2 {[%emt 0:03:30]} Rd8 {[%emt 0:00:30]} 16. Na3 {[%emt 0:04:30]} e5 {[%emt 0:16:30]} 17. Qc2 {[%emt 0:03:30]} Ne7 {[%emt 0:10:30]} 18. Rad1 {[%emt 0:07:30]} Be6 {[%emt 0:02:30]} 19. Qb1 {[%emt 0:11:30]} Rbc8 {[%emt 0:06:30]} 20. Nc2 {[%emt 0:06:30]} a5 {[%emt 0:00:30]} 21. Ne1 {[%emt 0:02:30]} b4 {[%emt 0:03:30]} 22. cxb4 {[%emt 0:00:30]} axb4 {[%emt 0:00:00]} 23. b3 {[%emt 0:02:30]} (23. fxe5 $11 {remains equal.} Bxe5 24. Nf3) 23... Bg4 {[%emt 0:06:00]} 24. Nf3 {[%emt 0:01:30]} Nc6 {[%emt 0:07:23]} 25. h3 {[%emt 0:14:52]} exf4 {[%emt 0:00:58]} 26. gxf4 {[%emt 0:00:30]} Bh5 {[%emt 0:00:05]} 27. Rf1 {[%emt 0:00:37]} Qa5 {[%emt 0:00:30]} 28. Nh2 {[%emt 0:00:36]} Na7 {[%emt 0:00:30]} 29. f5 {[%emt 0:00:40]} Be5 {[%emt 0:00:30]} 30. f6 {[%emt 0:00:45]} Rc3 {[%emt 0:00:58]} 31. Qe1 {[%emt 0:01:14]} Nc6 {[%emt 0:03:16]} 32. Ng4 {[%emt 0:00:44]} Bxg4 $1 {[%emt 0:01:24]} 33. hxg4 {[%emt 0:00:01]} Rxe3 $2 {[%emt 0:00:16]} (33... Qc7 $17) 34. Qxe3 {[%emt 0:00:34]} Qc5 {[%emt 0:00:02]} 35. Qxc5 {[%emt 0:01:46]} dxc5 {[%emt 0:00:00]} 36. Rd5 {[%emt 0:01:25]} Bd4+ {[%emt 0:01:09]} 37. Kh2 {[%emt 0:00:27]} h6 {[%emt 0:00:05]} 38. g5 {[%emt 0:03:23]} hxg5 {[%emt 0:01:03]} 39. Rxg5 {[%emt 0:00:01]} Be5+ {[%emt 0:00:18]} 40. Kh3 {[%emt 0:01:53]} Rd3+ {[%emt 0:01:23]} 41. Rf3 {[%emt 0:00:39]} Rd2 {[%emt 0:00:02]} 42. Rff5 {[%emt 0:01:28]} Rd3+ $1 {[%emt 0:02:05]} 43. Kh4 {[%emt 0:01:53]} Bc3 {[%emt 0:00:12]} 44. Rf1 {[%emt 0:01:48]} Ne5 {[%emt 0:01:51]} 45. Rg3 $1 {[%emt 0:00:24]} Rd2 {[%emt 0:00:15]} 46. Bf3 {[%emt 0:00:43]} (46. a4 $11) 46... Rxa2 {[%emt 0:01:07]} 47. Rh3 {[%emt 0:00:30] [#]} (47. Kh3 $15) 47... Nd7 $1 {[%emt 0:00:47]} 48. e5 {[%emt 0:00:25]} Bxe5 {[%emt 0:00:10]} 49. Bd5 $19 {[%emt 0:00:17]} Rg2 {[%emt 0:00:22]} 50. Bxg2 {[%emt 0:00:04]} 1-0

[Event "XV South American-ch Open U20 2019"]
[Site "Asuncion"]
[Date "2019.05.15"]
[Round "7.3"]
[White "Donoso Diaz, Sebastian"]
[Black "Munoz, Francisco Javier"]
[Result "1/2-1/2"]
[WhiteElo "2251"]
[BlackElo "2308"]
[Annotator "TA"]
[PlyCount "60"]
[EventDate "2019.05.11"]
[EventType "swiss"]
[EventCountry "PAR"]
[SourceTitle "playchess.com"]
[Source "ChessBase"]
[SourceQuality "1"]

{[%evp 16,60,35,21,27,13,29,-22,40,32,34,36,39,39,102,115,170,163,167,165,139,150,165,156,156,161,489,454,477,174,533,533,531,531,485,370,339,341,312,0,0,0,0,0,0,0,0]} 1. Nf3 d5 2. e3 Nf6 3. c4 c6 4. Nc3 Bg4 5. d4 e6 6. h3 Bxf3 7. Qxf3 Bd6 8. Bd3 Nbd7 9. O-O O-O {D11: Slav Defence: 3 Nf3 sidelines and 3...Nf6 4 e3 Bg4} 10. Bd2 Re8 11. Qd1 (11. g4 $142) 11... Qe7 (11... dxc4 $11 12. Bxc4 Nb6) 12. c5 $14 Bc7 13. f4 {[#]} b6 $146 ({Predecessor:} 13... Ba5 14. Qb1 Bxc3 15. Bxc3 b6 16. b4 Reb8 17. Qc2 {½-½ (55) Dreev,A (2607)-Predojevic,B (2645) Kemer 2007}) 14. b4 {[%cal Bb2b4,Bb4c5][%mdl 32]} bxc5 ({Black should play} 14... a5 $14) 15. bxc5 $16 e5 (15... Ba5 $16) 16. fxe5 $18 Nxe5 17. dxe5 Qxe5 {Strongly threatening ...d4.} 18. Rf4 Rad8 19. Ne2 {Nd4 is the strong threat.} Ne4 20. Nd4 g5 $2 (20... Nxd2 21. Qxd2 Qxe3+ 22. Qxe3 Rxe3) 21. Nxc6 {[%mdl 64] [#] Double Attack} Qb2 22. Rg4 $2 (22. Rf5) 22... h5 $2 (22... Nxd2 23. Rxg5+ (23. Nxd8 Qe5 $18) 23... Kf8 24. Bxh7 Nf3+ 25. gxf3 Qh2+ 26. Kf1 Qxh3+ 27. Rg2 Qxh7) 23. Bxe4 hxg4 24. Bc2 gxh3 25. gxh3 Qf6 26. Nxd8 Qe5 {[#]} 27. Nc6 $2 (27. Kf1 $1 $18 Rxd8 28. Rb1) 27... Qg3+ $11 {[%mdl 64] Double Attack. The position is equal.} 28. Kf1 Qxh3+ 29. Ke2 Qg4+ 30. Kf1 Qh3+ {Accuracy: White = 55%, Black = 35%.} 1/2-1/2